000 00551nam a2200217Ia 4500
003 OSt
005 20220924133954.0
006 a|||||r|||| 00| 0
007 ta
008 220923b |||||||| |||| 00| 0 snd d
024 _a271309
037 _cTextual
040 _aARTS
_cARTS
_bsnd
041 _2snd
_asnd
082 _aO111,3M90,1, 1593K8
100 _aVasdev Nirmal
_9206490
245 0 _aPlay in three acts
260 _c1968
942 _hO111,3M90,1, 1593K8
_cTEXL
_2CC
999 _c435864
_d435864